header

A practical approach to movement disorders (Record no. 180333)

MARC details
000 -LEADER
fixed length control field 01858nam a2200337 a 4500
082 04 - DEWEY DECIMAL CLASSIFICATION NUMBER
Classification number 616.8/3
245 02 - TITLE STATEMENT
Title A practical approach to movement disorders
260 ## - PUBLICATION, DISTRIBUTION, ETC. (IMPRINT)
Place of publication New York :
Name of publisher Demos Medical Pub.,
Year of publication c2007.
300 ## - PHYSICAL DESCRIPTION
Number of Pages x, 286 p. :
Other physical details ill.
505 0# - FORMATTED CONTENTS NOTE
Formatted contents note Getting started : the phenomenology of movement disorders -- Medical approach to movement disorders. The "dancing" patient ; The "jerky" patient ; The "shaky" patient ; The "shuffling" patient ; The "twisted" patient ; The "tic patient" ; The "unsteady" patient --Surgical approach to movement disorders. Key concepts for surgical therapy for Parkinson's disease and movement disorders -- Nonpharmacologic approach to movement disorders. Speech and swallowing therapy ; Physical and occupational therapy ; Nutritional considerations.
650 #0 - SUBJECT ADDED ENTRY--TOPICAL TERM
Topical Term Movement disorders
700 1# - ADDED ENTRY--PERSONAL NAME
Personal name Fernandez, Hubert H.
856 40 - ELECTRONIC LOCATION AND ACCESS
Uniform Resource Identifier http://site.ebrary.com/lib/rucke/Doc?id=10654387

No items available.

© 2026 Rongo University
Contact us: librarian | system librarian | Rongo university